Il sogno

Պահպանված է:
Մատենագիտական մանրամասներ
Հիմնական հեղինակ: Freud Sigmund
Ձևաչափ: Գիրք
Լեզու:Undetermined
Հրապարակվել է: Milano Mondadori 1988
Ցուցիչներ: Ավելացրեք ցուցիչ
Չկան պիտակներ, Եղեք առաջինը, ով նշում է այս գրառումը!

MARC

LEADER 00000nam a2200000Ia 4500
001 253
003 NUMERAZIONE-ORIGINALE-BRESCIA
005 20260206230751.0
008 260206s9999 xx 000 0 und d
100 |a Freud Sigmund 
245 0 |a Il sogno 
260 |a Milano 
260 |b Mondadori 
260 |c 1988 
500 |a Oscar - Mondadori 
942 |2 ddc  |c BK  |n 0 
952 |0 0  |1 0  |2 ddc  |4 0  |6 21  |7 0  |9 28453  |a BS  |b BS  |d 2026-02-06  |i 253  |l 0  |o 2-1-*  |r 2026-02-06 22:40:35  |w 2026-02-06  |x [REVISIONARE]  |y BK 
999 |c 24133  |d 24133